000 01006nam a2200253 a 4500
001 HSB006716
003 PILC
005 20150803133426.0
008
020 _a9719344636
050 _aND 1029.S37
_b.Sa59 2008
100 _aSantos, Roland.
245 _aNostalgia /
_cby Roland Santos ; text, Marlene Aguilar ; writer, Angela Blardony-Ureta ; contributing writer, Cid Reyes ; editor, Marlene Aguilar ; design and layout, Alexander Pascual ; photography, Demetrio Dela Cruz.
250 _a1st edition
260 _aManila :
_bJamayco Publishing House,
_c2008.
300 _a176 pages :
_billustrations (chiefly color) ;
_c29 cm.
505 _aAbout the artist --
_tOld houses --
_tFlaura --
_tLandscape --
_tFortune --
_tStill life --
_tAbstract --
_tBlack & white.
600 _aSantos, Rolando.
650 _aPainting
_zPhilippines.
700 _aAguilar, Marlene.
700 _aBlardony-Ureta, Angela.
700 _aReyes, Cid.
942 _2lcc
_cBK
999 _c288301
_d288301